Gabriel García Márquez : (Record no. 233656)

000 -LEADER
fixed length control field 01142cam a2200337 a 4500
001 - CONTROL NUMBER
control field 15602090
003 - CONTROL NUMBER IDENTIFIER
control field Nust
005 - DATE AND TIME OF LATEST TRANSACTION
control field 20210224102911.0
008 - FIXED-LENGTH DATA ELEMENTS--GENERAL INFORMATION
fixed length control field 090128r20092008nyuabf b 001 0beng
010 ## - LIBRARY OF CONGRESS CONTROL NUMBER
LC control number 2009003806
020 ## - INTERNATIONAL STANDARD BOOK NUMBER
International Standard Book Number 9780747596141
020 ## - INTERNATIONAL STANDARD BOOK NUMBER
International Standard Book Number 0307271773 (alk. paper)
035 ## - SYSTEM CONTROL NUMBER
System control number (OCoLC)ocn251201707
038 ## - RECORD CONTENT LICENSOR
Staff Name Arshad
040 ## - CATALOGING SOURCE
Original cataloging agency DLC
Transcribing agency DLC
Modifying agency BTCTA
-- YDXCP
-- ZPP
-- C#P
-- BWX
-- LMR
-- DLC
050 00 - LIBRARY OF CONGRESS CALL NUMBER
Classification number PQ8180.17.A73
Item number Z718 2009
082 00 - DEWEY DECIMAL CLASSIFICATION NUMBER
Classification number 863.64
Author Mark MAR
100 1# - MAIN ENTRY--PERSONAL NAME
Personal name Martin, Gerald,
Dates associated with a name 1944-
9 (RLIN) 35745
245 10 - TITLE STATEMENT
Title Gabriel García Márquez :
Remainder of title a life /
Statement of responsibility, etc. by Gerald Martin.
250 ## - EDITION STATEMENT
Edition statement 1st U.S. ed.
260 ## - PUBLICATION, DISTRIBUTION, ETC.
Place of publication, distribution, etc. New York :
Name of publisher, distributor, etc. Alfred A. Knopf,
Date of publication, distribution, etc. 2009.
300 ## - PHYSICAL DESCRIPTION
Extent xxiii, 664 p.,
Other physical details ill., maps ;
Dimensions 25 cm.
500 ## - GENERAL NOTE
General note Originally published: London : Bloomsbury, 2008.
504 ## - BIBLIOGRAPHY, ETC. NOTE
Bibliography, etc. note Includes bibliographical references (p. 609-620) and index.
563 ## - BINDING INFORMATION
Binding note PBK
600 10 - SUBJECT ADDED ENTRY--PERSONAL NAME
Personal name García Márquez, Gabriel,
Dates associated with a name 1927-2014.
9 (RLIN) 35746
650 #0 - SUBJECT ADDED ENTRY--TOPICAL TERM
Topical term or geographic name entry element Authors, Colombian
Chronological subdivision 20th century
Form subdivision Biography.
9 (RLIN) 35747
906 ## - LOCAL DATA ELEMENT F, LDF (RLIN)
a 7
b cbc
c orignew
d 1
e ecip
f 20
g y-gencatlg
942 ## - ADDED ENTRY ELEMENTS (KOHA)
Source of classification or shelving scheme
Koha item type Book
Holdings
Withdrawn status Lost status Source of classification or shelving scheme Damaged status Not for loan Permanent Location Current Location Shelving location Date acquired Total Checkouts Full call number Barcode Date last seen Date last checked out Copy number Price effective from Koha item type
          Central Library (CL) Central Library (CL) Fiction 03/09/2017 1 863.64 MAR CL136 09/08/2017 08/22/2017 1 03/09/2017 Book
© 2023 Central Library, National University of Sciences and Technology. All Rights Reserved.